Etiqueta de registo: 00254nam 2200025 450
001 2283358
003 http://id.bnportugal.gov.pt/bib/catbnp/2283358
010 ## $a978-989-33-86-98-9
021 ## $aPT$b556722/25
100 ## $a20260331d2025 c y0pory01030103ba
101 0# $apor
102 ## $aPT
105 ## $aa z 000ay
106 ## $ar
200 1# $aAruna e as cores do yoga$fAna Santos$gil. Ana Sílvia Agostinho
205 ## $a1ª ed
210 #9 $a[S.l.$cs.n.],$d2025$g(Gracal)
215 ## $a[56] p.$cil.$d22 cm
675 ## $a087.5$vBN$zpor$3287999
675 ## $a821.134.3-93"20"$vBN$zpor$31046482
700 #1 $919$aSantos,$bAna$31994422
701 #1 $aAgostinho,$bAna Sílvia$4440$31679538
801 #0 $aPT$bBN$gRPC
856 41 $uhttp://rnod.bnportugal.gov.pt/ImagesBN/winlibimg.aspx?skey=&doc=2283358&img=221484&save=true
900 ## $aBIBNAC$d20260428
966 ## $lBN$mFGMON$sP. 72570 V.$x1
966 ## $lBN$mFGMON$sP. 72570 V.-D$x1
971 ## $cssilva$d20260331
972 ## $e0$z0$d20260428$vlrevez
973 ## $csteixeira$d20260420